000 005510000a22001810004500
003 MACL
005 20160406164503.0
008 160406b xxu||||| |||| 00| 0 eng d
040 _aMACL
_cMACL
041 _aHindi
082 _a500
100 _aकपूर कंवल नयन
_950839
245 _aआधुनिक विज्ञान युग
260 _bहिमाचल पुस्‍तक भण्‍डार
_c1997
_aनई दिल्‍ली
350 _a80
650 _aPure Science
_950840
942 _cHIN
_k500
_2ddc
999 _c9356
_d9356